00862pam a2200241 a 45000010008000000030004000080050017000120080041000290100017000700200015000870200018001020400019001200500022001390820022001611000042001832450085002252500012003102600074003223000013003965040051004098560086004608560074005462031288OSt20200606121046.0920430s1992 enkb b 001 0 eng  a 92014949  a0521439612 a9780521439619 aDLCcoclcdDLC00aJC311b.H577 199200a320.54220bHOB/N aHobsbawm, E Jq(Eric J.),d1917-2012.10aNations and nationalism since 1780 :bprogramme, myth, reality /cE.J. Hobsbawm. a2nd ed. aCambridge [England] ;aNew York :bCambridge University Press,c1992. a206 p. : aIncludes bibliographical references and index.423Publisher descriptionuhttp://www.loc.gov/catdir/description/cam025/92014949.html413Table of contentsuhttp://www.loc.gov/catdir/toc/cam028/92014949.html